مكتبة جامعة عجلون الوطنية

فهرس بحث المكتبة

Normal view MARC view
  • لبخيت، محمد عدنان إعداد؛ الزغول،حامد محرر

Entry Personal Name

Number of records used in: 1

001 - CONTROL NUMBER

  • control field: 43773

003 - CONTROL NUMBER IDENTIFIER

  • control field: JO-AjAnu

005 - DATE AND TIME OF LATEST TRANSACTION

  • control field: 20230606081243.0

008 - FIXED-LENGTH DATA ELEMENTS

  • fixed length control field: 230606|| aca||aabn | a|a d

040 ## - CATALOGING SOURCE

  • Original cataloging agency: JO-AjAnu
  • Transcribing agency: JO-AjAnu

100 ## - HEADING--PERSONAL NAME

  • Personal name: لبخيت، محمد عدنان إعداد؛ الزغول،حامد محرر

670 ## - SOURCE DATA FOUND

  • Source citation: Work cat.: (JO-AjAnu)22410: لبخيت، محمد عدنان إعداد؛ الزغول،حامد محرر, author, سيرة ومسيرة القسم الثاني 1962-1987